Mexiko: návrat PRI a demokracie ve výstavbě

Vláda Inštitucionálnej revolučnej strany (PRI) v Mexiku až do roku 2000. Deficit demokracie v krajine. Zapájanie robotníkov, učiteľov, intelektuálov do straníckych štruktúr. Tichá, obojstranne výhodná dohoda s narkomafiou. Šok zo straty prezidentského úradu v r. 2000. Enrique Peña Nieto - nový prezi...

Ausführliche Beschreibung

Gespeichert in:
Bibliographische Detailangaben
1. Verfasser: Březinová, Kateřina
Format: Buchkapitel
Sprache:Tschechisch
Schlagworte:
Tags: Tag hinzufügen
Keine Tags, Fügen Sie das erste Tag hinzu!

MARC

LEADER 00000naa a2200000 4500
001 0160257
005 20231016094940.7
041 0 |a cze 
044 |a CZ 
245 1 0 |a Mexiko: návrat PRI a demokracie ve výstavbě  |c Kateřina Březinová 
520 |a Vláda Inštitucionálnej revolučnej strany (PRI) v Mexiku až do roku 2000. Deficit demokracie v krajine. Zapájanie robotníkov, učiteľov, intelektuálov do straníckych štruktúr. Tichá, obojstranne výhodná dohoda s narkomafiou. Šok zo straty prezidentského úradu v r. 2000. Enrique Peña Nieto - nový prezident krajiny - predstaviteľ novej, modernej strany PRI. 
610 2 0 |a politika vnútorná 
610 2 0 |a strany politické 
610 2 0 |a strany vládne 
610 2 0 |a prezidenti 
610 2 0 |a moc politická 
610 2 0 |a demokracia 
610 2 0 |a voľby 
610 2 0 |a korupcia 
610 2 0 |a Mexiko 
100 1 |a Březinová, Kateřina